| 000 | 00541nam a2200169 i 4500 | ||
|---|---|---|---|
| 001 | 79712 | ||
| 003 | ES-MaACL | ||
| 005 | 20230906174033.0 | ||
| 007 | t| | ||
| 008 | 041022s1955 es ||||1| spa d | ||
| 100 | 1 |
_aHerrera Velado, Francisco. _963246 |
|
| 245 | 1 | 0 |
_aAgua de coco _b: tradiciones y cuentos / _cFrancisco Herrera Velado. |
| 260 |
_aSan Salvador : _bMinisterio de Cultura, Departamento Editorial, _c1955. |
||
| 300 |
_a222 p. ; _c18 cm. |
||
| 710 | 1 |
_aEl Salvador. _bMinisterio de Cultura. _93462 |
|
| 852 |
_aES-MaACL _jC-14551 |
||
| 999 |
_c79712 _d79712 |
||